Space Race Quiz - Statistics

General Stats
  • This quiz has been taken 106 times
  • The average score is 6 of 15
Answer Stats
Hint Answer % Correct
The first object launched into space Sputnik 1
94%
Yuri Gagarin was launched into space on this year 1961
80%
The year Neil Armstrong walked on the Moon 1969
79%
The first living being launched into space Laika
69%
The year NASA was found 1958
66%
The space shuttle that had a crash in 1986 Challenger
53%
The first American who launched into space Alan Shepard
41%
The first woman launched into space Valentina Tereshkova
38%
The first space shuttle launched into space Columbia
36%
The first object to land on the Moon Luna 2
26%
The Soviet Space Shuttle Program Buran
21%
Last man to walk on the Moon Eugene Cernan
20%
The first space station launched into space Salyut 1
11%
First spacecraft to land on a planet other than Earth Venera 7
8%
First living creatures that went to the Moon Turtles
3%
No matching quizzes found
Score Distribution
Percent of People with Each Score
Percentile by Number Answered
Your Score History
You have not taken this quiz